Solve Equation y = 2x² +2x +2 - Statistics

General Stats
  • This quiz has been taken 37 times
    29 since last reset
  • The average score is 11 of 12
Answer Stats
x = y = % Correct
1 6
100%
2 14
96%
3 26
96%
4 42
96%
5 62
96%
6 86
96%
7 114
91%
8 146
91%
9 182
91%
10 222
91%
11 266
87%
12 314
87%
No matching quizzes found
Score Distribution
Percent of People with Each Score
Percentile by Number Answered
Your Score History
You have not taken this quiz since the last reset